000 00522nam a2200193Ia 4500
001 55314
008 120915n2007 ii |||gr||||Z||||||465
020 _a8180641279
082 _a954.162
245 0 _aAsamer Itihas :
_bVol- 1 /
_cMahadev Chakraborty .
_hTextual Documents
250 _aIst ed.
260 _aKol
_bProgressive Publishers
_c2007
300 _a383pg:
_c23cm.
653 _aBengali
653 _aAsamer Itihas
653 _aDeptt - Bengali
700 _aChakraborty, Mahadev.,
_eAuthor.,
942 _2ddc
_cBK
999 _c55247
_d55247